000 00714nam a2200253Ia 4500
003 OSt
005 20220918174220.0
006 a|||||r|||| 00| 0
007 ta
008 220917b |||||||| |||| 00| 0 eng d
024 _a11,148
037 _cTextual
040 _aARTS
_cARTS
_beng
041 _2eng
_aeng
082 _aMB1, J22
100 _aKorn Granino A
_949540
245 0 _aElectronic analog computers
_b (D C analog computers)
260 _aNew York
_bMcgraw-hill book company, Inc.
_c1952
300 _a378
_ccm.
650 _aINDUSTRIAL ARTS
700 _a Korn Theresa M
_949541
942 _hMB1, J22
_cTEXL
_2CC
999 _c152263
_d152263